00339nam a2200121Ia 4500008004100000020001500041082001600056100002600072245001200098260007500110300001900185490001300204250529s9999 xx 000 0 und d a9991571094 a891.4894MAU aMaumoon Abdul Qayyoom 0aFahubas aMale'bDhivehibahaai Thaareekhah Khidhumaiykuraa Qaumee Marukazuc1989 a72 p. ; 20 cm. vMalas-23